LOGISTICAL MANAGEMENT A SYSTEMS INTEGRATION OF PHYSICAL DISTRIBUTION MANAGEMENT AND MATERIALS MANAGEMENT (Record no. 581171)

000 -LEADER
fixed length control field 00462nam a22001457a 4500
020 ## - INTERNATIONAL STANDARD BOOK NUMBER
International Standard Book Number 0-02-313110-1
082 ## - DEWEY DECIMAL CLASSIFICATION NUMBER
Classification number 658.5 BOW'L
100 ## - MAIN ENTRY--PERSONAL NAME
Personal name BOWERSEX, DONALD
9 (RLIN) 75772
245 ## - TITLE STATEMENT
Title LOGISTICAL MANAGEMENT A SYSTEMS INTEGRATION OF PHYSICAL DISTRIBUTION MANAGEMENT AND MATERIALS MANAGEMENT
250 ## - EDITION STATEMENT
Edition statement 2ND
260 ## - PUBLICATION, DISTRIBUTION, ETC.
Place of publication, distribution, etc. NEWYORK
Name of publisher, distributor, etc. MACMILLAN
Date of publication, distribution, etc. 1978
300 ## - PHYSICAL DESCRIPTION
Extent 528P
650 ## - SUBJECT ADDED ENTRY--TOPICAL TERM
Topical term or geographic name entry element MATERIALS MANAGEMENT PHYSICAL DISTRIBUTION OF GOODS MANAGEMENT
9 (RLIN) 7133
942 ## - ADDED ENTRY ELEMENTS (KOHA)
Koha item type Book
Holdings
Withdrawn status Lost status Damaged status Not for loan Permanent Location Current Location Shelving location Date acquired Total Checkouts Full call number Barcode Date last seen Price effective from Koha item type
        College of Electrical & Mechanical Engineering (CEME) College of Electrical & Mechanical Engineering (CEME) General Stacks 05/22/2017   658.5 BOW'L CEME-12405 06/28/2021 06/28/2021 Book
© 2023 Central Library, National University of Sciences and Technology. All Rights Reserved.